Regla cristiana breve
Gespeichert in:
| 1. Verfasser: | |
|---|---|
| Format: | Buch |
| Sprache: | Spanisch |
| Veröffentlicht: |
Ciudad de México
Jus
1951
|
| Schlagworte: | |
| Tags: |
Tag hinzufügen
Keine Tags, Fügen Sie den ersten Tag hinzu!
|
MARC
| LEADER | 00000nam a2200000 a 4500 | ||
|---|---|---|---|
| 001 | UCZ5346 | ||
| 003 | CL-VaPUC | ||
| 008 | 951117e19510000MX |||||||||||||||||spa|d | ||
| 082 | 0 | 4 | |a 241.2 |b ZUM |2 21 |
| 100 | 0 | |a Zumarraga, Juan de |e author |9 331321 | |
| 245 | 1 | 0 | |a Regla cristiana breve |
| 300 | |a 523 p | ||
| 942 | |c BK | ||
| 945 | |d 19951117 00:00:00 |a lriquelm | ||
| 260 | |a Ciudad de México |b Jus |c 1951 | ||
| 650 | 0 | |a Teología |9 258766 | |
| 650 | 0 | |a Filosofía cristiana |9 265980 | |
| 650 | 0 | |a Conceptos morales |9 310606 | |
| 650 | 0 | |a Ética |9 255099 | |
| 650 | 0 | |a Comportamiento moral |9 334569 | |
| 650 | 7 | |a LEGISLACION |2 CL-VaPUC |9 349288 | |
| 650 | 7 | |a DOCTRINAS RELIGIOSAS |2 CL-VaPUC |9 337177 | |
| 583 | |a last modification |c 19951117 00:00:00 |k Rodrigo Vera | ||
| 999 | |c 241664 |d 241662 | ||
| 952 | |0 0 |1 0 |4 0 |6 241_200000000000000_ZUM_1951 |7 0 |8 P |9 254056 |a BIBEDU |b BIBEDU |c BIBEDU_PB |d 2019-11-19 |i 157177K |o 241.2 ZUM 1951 |p 157177K |r 2024-01-25 |w 2019-11-19 |y BK |k FIL | ||